00242nam a2200097 4500082001600000100001200016245005400028260003000082300000900112650002300121 a541.394 AMD aAmdur,I aChemical Kinetrics:Principles and Selected Topics aLondonbMc-Grawhillc1966 a269p achemicalm kinetics